000
00233nam a22001217a 4500
040
_c
SY
082
_a
634
100
_a
DAVID M
245
_a
The practice of silviculture
260
_a
RUA
_b
DAV
_c
1986
300
_a
517p.
942
_c
EK
999
_c
9634
_d
9634